Пятая книга формирования литературной классики ХХ века (Запис номер 188038)
[ съкратено ]
| 000 -Лидер | |
|---|---|
| Контролно поле с фиксирана дължина | 01811nam a2200385 c 4500 |
| 003 - Код на организацията, давaща контролен номер | |
| Контролно поле | BLK |
| 005 - Дата и час на последна редакция | |
| Контролно поле | 20180422115554.0 |
| 008 - Елементи от данни с фиксирана дължина | |
| fixed length control field | 180411b bul|||||r ||||||| ||bul|| |
| 010 ## - Наследен системен номер | |
| LC control number | KNG00197056000 |
| 020 ## - Международен стандартен номер на книга ISBN | |
| Международен стандартен номер на книга ISBN | 978-954-362-170-5 |
| -- | издат.: Мултипринт |
| 040 ## - Източник на каталожния запис | |
| Идентификатор на билиотеката - собственик на записа | BLK |
| 041 ## - Код за език | |
| Код за езика на текст/звукозапис или на отделно заглавие | Руски |
| Код за езика КДБФ | Руски |
| 072 #7 - Код за тематичната категория | |
| Код организация | bullib |
| Код за тематична категория | Н82 |
| Текст | Литературознание Н |
| 080 ## - УДК | |
| Текстов определител УДК | Руска литература |
| УДК код - определител по УДК | 821.161.1 |
| УДК определител | .09 |
| УДК - код + определител | 821.161.1.09 |
| 100 1# - Редна дума - Автор | |
| Автор | Захариева, Ирина Петровна |
| Авторска отговорност | първи автор |
| R(LIN) | 375917 |
| 139 ## - Редно поле | |
| Редна дума | Захариева, Ирина Петровна |
| Авторски знак | Зах - З 40 |
| 245 10 - Сведения за заглавието | |
| Заглавие | Пятая книга формирования литературной классики ХХ века |
| Подзаглавни данни | Канонизированные формосмыслы, образы и сюжеты русской словесности |
| Редно поле (дума) | Ирина Петровна Захариева; предг. от Атанаска Симеонова Методиева. |
| 257 ## - Страна на издаване | |
| Страна на създаване/издаване | България |
| 260 ## - Област на издателските данни | |
| -- | София |
| Име на издателя, разпространителя и проч. | Мултипринт |
| Година на издаване | 2016 |
| 300 ## - Физическа характеристика | |
| Страници | 380 с. |
| Размери/Мащаб | 20 см |
| 380 ## - Жанр | |
| Жанр | Литературознание |
| 500 ## - Общи забележки | |
| Забележка | Слово напутствия новой книге / Атанаска Методиева: с. 7. - Библиогр. под линия. |
| 650 #4 - Допълнително описание по предмет – тема | |
| Основно описание – тема или топоним | Руска литература - история и критика |
| 9 (RLIN) | 289827 |
| 651 #4 - Допълнително описание по предмет - топоним | |
| Географско понятие | Русия |
| 9 (RLIN) | 179465 |
| 653 ## - Ключова дума – ненормативна | |
| Ключова дума | руска литература |
| 653 ## - Ключова дума – ненормативна | |
| Ключова дума | ХХ в. |
| 653 ## - Ключова дума – ненормативна | |
| Ключова дума | литературна критика |
| 659 ## - Тематичен бюлетин | |
| Тематичен бюлетин | Н |
| 700 1# - Други автори (авторска отговорност) | |
| Лично име | Методиева, Атанаска Симеонова |
| Автороска отговорност (Описва отношението между автора и произведението) | предг. от |
| 9 (RLIN) | 344481 |
| 852 ## - Местоположение | |
| Форматна сигнатура | Цб 283333 |
| 856 4# - Електронен адрес и достъп | |
| Електронен формат | pdf - файл |
| Път до файла /url/ | |
| 856 4# - Електронен адрес и достъп | |
| Електронен формат | pdf - файл |
| Път до файла /url/ | |
| 942 ## - АРТИКУЛИ | |
| Вид на библиотечния материал | Книги |
| Скрит в OPAC | Не |
| 944 ## - СЪЗДАВАНЕ И РЕДАКЦИЯ на ЗАПИСА | |
| Създаване/Редакция | Създаване |
| Дата на регистрацията/редакция | 30.11.2016 |
| Статус, дата на статуса | ф / |
| Служител, извършил регистрацията/редакцията | Виолета_Тройчева |
| 944 ## - СЪЗДАВАНЕ И РЕДАКЦИЯ на ЗАПИСА | |
| Създаване/Редакция | Редакция |
| Дата на регистрацията/редакция | 09.12.2016 |
| Статус, дата на статуса | ф / |
| Служител, извършил регистрацията/редакцията | Людмила_Стоянова |
| 999 ## - СИСТЕМНИ КОНТРОЛНИ НОМЕРА | |
| Koha biblionumber | 188038 |
| Koha biblioitemnumber | 188038 |
| Код за отписване | Код за изгубен артикул | Източник на класификационната схема | Код за повреда | Коз за рестрикции | Код за отдаване | Артикулен № | Име на библиотеката - собственик | Име на библиотеката, в която се намира в момента | Статус (Текущо местоположение) | Дата на вписване в системата | Местоположение - отдел | Цена в лева | Инвентарен номер | Систематично азбучна сигнатура | Баркод | Номер на екземпляра | Цена в евро | Служебна бележка | Служебен тип на артикула |
|---|---|---|---|---|---|---|---|---|---|---|---|---|---|---|---|---|---|---|---|
| Не е изгубен | Universal Decimal Classification | Не е повреден | без рестрикции | заемане за дома | 329055 | Регионална библиотека "Любен Каравелов" Русе | Регионална библиотека "Любен Каравелов" Русе | Заемна - подръчен фонд | 2016-11-30 | Заемна - подръчен фонд | 10.00 | 120000806134 | П 821.161.1.09/З 40 | 120000806134 | 1 | 5.11 | Дост: DA Вид: А N: 43 Дата: 30.11.2016 Дата инв: 08.02.2018 Бележки инв: П2018 | Книги |